00466nam a2200109Ia 4500008004100000100003500041245014800076260003600224300001800260650001000278856006800288160712s9999 xx 000 0 und d aCarrubias Domingo, Leavides G. cLeavides G. Domingo CabarrubiasaGender Matters in the Call Center Industry: A Review of Literature on the Effects of Call Center Work on Women c2011bReview of Women's Studies avol. 21 no. 2 xWOMEN uhttp://journals.upd.edu.ph/index.php/rws/issue/view/440/showToc